000
00404nam a2200145Ia 4500
008
090122s9999 xx 000 0 und d
082
_b
7411
_a
891.463
100
_a
कदम
_b
बाबा
245
_a
स्टार विटनेस
600
_a
कदम
630
_a
स्टार विटनेस
700
_a
कदम
730
_a
स्टार विटनेस
942
_c
BOOK
999
_c
31488
_d
31488